ANALYSIS OF INVESTMENTS AND MANAGEMENT OF PORTFOLIOS (Record no. 214453)

MARC details
000 -LEADER
fixed length control field 00735nam a22001817a 4500
008 - FIXED-LENGTH DATA ELEMENTS--GENERAL INFORMATION
fixed length control field 250117b |||||||| |||| 00| 0 eng d
020 ## - INTERNATIONAL STANDARD BOOK NUMBER
International Standard Book Number 978-1-4737-0479-4
050 ## - LIBRARY OF CONGRESS CALL NUMBER
Classification number HG 4529.5 .R 45 2015
Item number 1
100 ## - MAIN ENTRY--PERSONAL NAME
Personal name REILLY FRANK K
245 ## - TITLE STATEMENT
Title ANALYSIS OF INVESTMENTS AND MANAGEMENT OF PORTFOLIOS
260 ## - PUBLICATION, DISTRIBUTION, ETC.
Place of publication, distribution, etc. CHERITON HOUSE, NORTH WAY, ANDOVER, HAMPSHIRE, UNITED KINGDOM,
Name of publisher, distributor, etc. GENGAGE LEARNING EMEA,
Date of publication, distribution, etc. 2015,
300 ## - PHYSICAL DESCRIPTION
Extent XViii,748 P, ILL
500 ## - GENERAL NOTE
General note INCLUDES BIBLIOGRAPHICAL REFERENCES AND INDEX
650 ## - SUBJECT ADDED ENTRY
Topical term or geographic name entry element Business enterprise, Finance Corporation,s Finance Gestion, Investment analysis, Investments, Portfolio management portfolios (financial records)
700 ## - ADDED ENTRY--PERSONAL NAME
Personal name BROWN KEITH C
942 ## - ADDED ENTRY ELEMENTS (KOHA)
Source of classification or shelving scheme Library of Congress Classification
Koha item type Long Loan Book
Holdings
Withdrawn status Lost status Source of classification or shelving scheme Damaged status Not for loan Collection Home library Current library Shelving location Date acquired Inventory number Total checkouts Full call number Barcode Date last seen Copy number Price effective from Koha item type
    Library of Congress Classification     Business & Economics Kisii University Library Kisii University Library On Display 01/17/2025 106001   HG 4529.5 ,R 45 2015 000000013076 01/17/2025 1 01/17/2025 Long Loan Book
    Library of Congress Classification     Business & Economics Kisii University Library Kisii University Library On Display 01/09/2026 110868   HG 4529.5 .R45 2015 000000023611 01/09/2026 C.2 01/09/2026 Long Loan Book
    Library of Congress Classification     Business & Economics Kisii University Library Kisii University Library On Display 01/09/2026 110869   HG 4529.5 .R45 2015 000000023612 01/09/2026 C.3 01/09/2026 Long Loan Book
    Library of Congress Classification     Business & Economics Kisii University Library Kisii University Library On Display 01/09/2026 110870   HG 4529.5 .R45 2015 000000023613 01/09/2026 C.4 01/09/2026 Long Loan Book
    Library of Congress Classification     Business & Economics Kisii University Library Kisii University Library On Display 01/09/2026 110871   HG 4529.5 .R45 2015 000000023614 01/09/2026 C.5 01/09/2026 Long Loan Book